Statistics for 250 Largest Cities of the World with letter hints, by country

Click here to take the quiz!

General Stats

  • This quiz has been taken 251 times
  • The average score is 74 of 130

Answer Stats

ANSWER % Correct
China (45)
98%
United States (28)
96%
Bost{on}
94%
Phila{delphia}
94%
Dalla{s}
94%
Housto{n}
94%
Miam{i}
94%
Germany
94%
India (18)
93%
San{ Francisco}
93%
New York
93%
B{eijing}
93%
Brazil (13)
92%
Wa{shington}
92%
Fr{ankfurt}
91%
B{erlin}
91%
Munic{h}
91%
{S}h{anghai}
90%
Ham{burg}
90%
Delhi
89%
C{hicago}
89%
{L}o{s Angeles}
89%
{R}i{o de Janeiro}
89%
{M}u{mbai}
88%
Stut{tgart}
87%
Bra{sília}
87%
Japan
87%
Tokyo
85%
São Paulo
85%
Salva{dor}
82%
Guangzhou
82%
Jaipu{r}
82%
Hangz{hou}
81%
Che{nnai}
81%
K{olkata}
81%
{O}s{aka}
81%
Reci{fe}
80%
Pakistan
80%
Wuha{n}
80%
Sap{poro}
80%
Shenyan{g}
80%
Curitib{a}
79%
Hyde{rabad}
79%
Ahmed{abad}
75%
Ti{anjin}
73%
Fortal{eza}
72%
Campina{s}
72%
Pun{e}
71%
Karachi
71%
B{elo Horizonte}
71%
N{agoya}
68%
(The) {Ruhr}
68%
Sura{t}
68%
Chen{gdu}
68%
Shanto{u}
64%
Xia{men}
64%
{L}a{hore}
63%
Po{rto Alegre}
63%
Hyd{erabad}
63%
Fu{kuoka}
58%
{C}o{logne / Dusseldorf}
58%
Mexico
57%
Mexico City
56%
Multa{n}
55%
Nigeria
54%
{G}u{adalajara}
53%
Lagos
51%
F{aisalabad}
49%
Ab{uja}
49%
United Kingdom
48%
M{anchester}
48%
London
48%
M{onterrey}
47%
Le{eds}
47%
{B}i{rmingham}
46%
Be{ngaluru}
46%
Pe{rth}
44%
Indonesia
44%
Australia
44%
Jakarta
43%
B{risbane}
43%
Sydney
43%
{M}e{lbourne}
43%
Okay{ama}
43%
Pu{ebla}
41%
{K}a{no}
40%
Italy
38%
Ra{walpindi}
38%
R{ome}
37%
Canada
37%
Milan
37%
V{ancouver}
36%
Colombia
36%
Toronto
36%
Bogotá
36%
I{badan}
35%
{N}a{ples}
35%
C{ali}
34%
{M}e{dellín}
34%
{M}o{ntreal}
34%
S{urabaya}
34%
Me{dan}
32%
Johannesburg
31%
Por{t Harcourt}
31%
{B}a{ndung}
30%
Istanbul
30%
{A}n{kara}
30%
South Africa
30%
Seoul
30%
{C}a{pe Town}
30%
South Korea
30%
Turkey
30%
D{urban}
29%
Tol{uca}
29%
{B}u{san}
28%
I{zmir}
27%
Tehran
27%
Iran
27%
Riyadh
24%
Saudi Arabia
24%
{J}e{ddah}
21%
I{sfahan}
20%
D{aegu}
20%
Gujr{anwala}
19%
D{ammam}
16%
Taipei
15%
Taiwan
15%
{K}a{ohsiung}
12%
{M}e{shed}
10%
T{aichung}
10%

Score Distribution

Percentile by Number Answered

Percent of People with Each Score

Your Score History

You have not taken this quiz